Migration of unskilled labour:a study of causes, permanency and assimilation in Nagpur (Record no. 1644)

MARC details
000 -LEADER
fixed length control field 00627nam a2200205Ia 4500
020 ## - INTERNATIONAL STANDARD BOOK NUMBER
ISBN 81-7054-188-3
082 ## - DEWEY DECIMAL CLASSIFICATION NUMBER
Classification number 331.76133 KHA-;
100 ## - MAIN ENTRY--AUTHOR NAME
Personal name Khandewale, S.V
245 #0 - TITLE STATEMENT
Title Migration of unskilled labour:a study of causes, permanency and assimilation in Nagpur
260 ## - PUBLICATION, DISTRIBUTION, ETC. (IMPRINT)
Place of publication New Delhi
Name of publisher Classical Publishing
Year of publication 1994
300 ## - PHYSICAL DESCRIPTION
Number of Pages xi, 198p.
504 ## - BIBLIOGRAPHY, ETC. NOTE
Bibliography, etc Includes bibliography
650 ## - SUBJECT ADDED ENTRY--TOPICAL TERM
Topical Term Migration, internal - Nagpur
650 ## - SUBJECT ADDED ENTRY--TOPICAL TERM
Topical Term Labor economics - Nagpur
650 ## - SUBJECT ADDED ENTRY--TOPICAL TERM
Topical Term Unskilled labor - Nagpur
650 ## - SUBJECT ADDED ENTRY--TOPICAL TERM
Topical Term Migrant labor - Nagpur
650 ## - SUBJECT ADDED ENTRY--TOPICAL TERM
Topical Term Assimilation (Sociology)
700 ## - ADDED ENTRY--PERSONAL NAME
Personal name Chorghade, S.V.
942 ## - ADDED ENTRY ELEMENTS (KOHA)
Koha item type Books
Holdings
Withdrawn status Lost status Damaged status Not for loan Home library Current library Date acquired Bill Date Full call number Accession Number Price effective from Koha item type
        NASSDOC Library NASSDOC Library 08/06/2004 2008-12-30 331.76133 KHA-; 33198 18/04/2019 Books